000 00519nam a22001817a 4500
005 20230118121522.0
008 221216b |||||||| |||| 00| 0 eng d
020 _a978-81-239-2289-8
041 _aeng
082 _a615.1 KHA-I
100 _aKHAR ,K ROOP .,VYAS S P AND OTHERS
_97356
245 _aTHE THEORY AND PRACTICE OF INDUSTRIAL PHARMACY
250 _a4th ed
260 _aMUMBAI
_bCBS PUBLISHERS & DISTRIBUTORS
_c2022
300 _a1203;P.
650 _aPHARMACY
_xB.PHARMA & D.PHARMA
_97472
942 _cBK
999 _c8059
_d8057